Statistics for Name 15 Nintendo Characters!

Click here to take the quiz!

General Stats

  • This quiz has been taken 343 times
  • The average score is 12 of 15

Answer Stats

HintAnswer% Correct
Nintendos most famous mascotMario
100%
Sidecick of aboveLuigi
97%
The Triforce heroLink
95%
The princess of aboveZelda
94%
The hairy gorillaDonkey Kong
93%
Pokemon mascotPikachu
90%
The hero of Dream LandKirby
88%
Aboves friendDiddy Kong
81%
The hero of MetroidSamus
80%
The little boxerLittle Mac
79%
#1s baddieBowser
66%
Fire emblem heroMarth
63%
Aboves greatest threatKing DeDeDe
62%
What your person is called in animal crossingVillager
60%
Aboves coachDoc Louis
27%

Score Distribution

Percentile by Number Answered

Percent of People with Each Score

Your Score History

You have not taken this quiz